000 00632nam a2200169 i 4500
001 57255
003 ES-MaACL
005 20230906163537.0
007 t|
008 031015s1923 sp ||||1| spa d
245 0 0 _aDocumentos relacionados con la información instruida por el señor General de División D. Juan Picasso sobre las responsabilidades de la actuación española en Marruecos durante julio de 1921.
260 _aMadrid :
_bRivadeneyra,
_c1923.
300 _a377 p. ;
_c30 cm.
650 4 _aGuerra del Rif, 1921-1926.
_9142118
710 1 _aEspaña.
_bCortes Generales.
_bCongreso.
_93671
852 _aES-MaACL
_jC-1596
999 _c57255
_d57255